[Event "Portela Memorial tt"]
[Site "Havana"]
[Date "2018.07.22"]
[Round "6.5"]
[White "Otero Marino, Vladimir"]
[Black "Gonzalez Porro, Armando Andres"]
[Result "0-1"]
[WhiteElo "1934"]
[BlackElo "2071"]
[PlyCount "48"]
[EventDate "2018.07.16"]
[EventType "team-tourn"]
[EventRounds "9"]
[EventCountry "CUB"]
[SourceTitle "EXT 2021"]
[Source "ChessBase"]
[SourceDate "2020.10.23"]
[SourceVersion "1"]
[SourceVersionDate "2020.10.23"]
[SourceQuality "1"]

1. e4 c5 2. Nf3 d6 3. Bb5+ Bd7 4. Bxd7+ Qxd7 5. c4 e5 6. Nc3 Nc6 7. a3 Nf6 8. d3 Be7 9. Rb1 0-0 10. b4 b6 11. Bg5 h6 12. Bxf6 Bxf6 13. Nd5 Bd8 14. Qa4 Rc8 15. 0-0 f5 16. exf5 Rxf5 17. Nd2 Bg5 18. Ne4 Kh8 19. Qd1 Rcf8 20. Qg4 Qd8 21. Ng3 R5f7 22. Qe6 Nd4 23. Qg6 Bf4 24. Ne4 Bxh2+ 0-1

[Event "Villa Roja de Artemisa tt"]
[Site "Artemisa"]
[Date "2018.06.21"]
[Round "4.1"]
[White "Otero Marino, Vladimir"]
[Black "Vargas Rodriguez, Wilver"]
[Result "1/2-1/2"]
[WhiteElo "2086"]
[BlackElo "2249"]
[PlyCount "60"]
[EventDate "2018.06.20"]
[EventType "team-tourn"]
[EventRounds "9"]
[EventCountry "CUB"]
[SourceTitle "EXT 2021"]
[Source "ChessBase"]
[SourceDate "2020.10.23"]
[SourceVersion "1"]
[SourceVersionDate "2020.10.23"]
[SourceQuality "1"]

1. e4 c5 2. c3 Nf6 3. e5 Nd5 4. Nf3 Nc6 5. d4 cxd4 6. cxd4 e6 7. a3 d6 8. Bd3 Be7 9. 0-0 a6 10. Qe2 b5 11. Nc3 Nxc3 12. bxc3 d5 13. Bd2 Bd7 14. Bc2 Na5 15. a4 bxa4 16. Bxa4 Bxa4 17. Rxa4 Nc4 18. Rfa1 Qb6 19. Be1 0-0 20. Qa2 a5 21. Nd2 Nxd2 22. Bxd2 Rfb8 23. g3 Bd8 24. c4 Qxd4 25. cxd5 Qxd5 26. Qxd5 exd5 27. Bxa5 Bxa5 28. Rxa5 Rxa5 29. Rxa5 Rd8 30. Kf1 Kf8 1/2-1/2

[Event "CUB-ch U18"]
[Site "San Nicolas de Bari"]
[Date "2018.06.14"]
[Round "3"]
[White "Otero Marino, Vladimir"]
[Black "Diaz Garcia, Mario Daniel"]
[Result "0-1"]
[WhiteElo "2086"]
[BlackElo "2063"]
[PlyCount "82"]
[EventDate "2018.06.13"]
[EventType "swiss"]
[EventRounds "9"]
[EventCountry "CUB"]
[SourceTitle "EXT 2021"]
[Source "ChessBase"]
[SourceDate "2020.10.23"]
[SourceVersion "1"]
[SourceVersionDate "2020.10.23"]
[SourceQuality "1"]

1. e4 c5 2. Nf3 d6 3. Bb5+ Nc6 4. Bxc6+ bxc6 5. 0-0 e5 6. c3 Nf6 7. Re1 Be7 8. d4 cxd4 9. cxd4 exd4 10. Nxd4 Bd7 11. Nc3 0-0 12. b3 Re8 13. Bb2 Qb6 14. Nf5 Bxf5 15. exf5 d5 16. Qf3 Bd6 17. Ne2 Ne4 18. Ng3 Nxf2 19. Kf1 Qb5+ 20. Re2 Bxg3 21. hxg3 Rxe2 22. Qxe2 Qxe2+ 23. Kxe2 Ne4 24. Kf3 f6 25. Rc1 Rc8 26. Bd4 a6 27. Be3 Kf7 28. b4 Ke7 29. Bf4 Kd7 30. Rh1 h6 31. Rc1 Ra8 32. Kg4 a5 33. b5 c5 34. Kh5 d4 35. Kg6 Rc8 36. Kxg7 d3 37. Rb1 Nd6 38. Kxf6 c4 39. Ke5 c3 40. Kd4 d2 41. Rh1 Re8 0-1

[Event "CUB-ch U18"]
[Site "San Nicolas de Bari"]
[Date "2018.06.14"]
[Round "2"]
[White "Santander Valle, David A"]
[Black "Otero Marino, Vladimir"]
[Result "1-0"]
[WhiteElo "2001"]
[BlackElo "2086"]
[PlyCount "61"]
[EventDate "2018.06.13"]
[EventType "swiss"]
[EventRounds "9"]
[EventCountry "CUB"]
[SourceTitle "EXT 2021"]
[Source "ChessBase"]
[SourceDate "2020.10.23"]
[SourceVersion "1"]
[SourceVersionDate "2020.10.23"]
[SourceQuality "1"]

1. d4 Nf6 2. c4 g6 3. f3 c5 4. d5 d6 5. e4 Bg7 6. Nc3 Nbd7 7. Nh3 Ne5 8. Nf2 a6 9. Be2 h5 10. Be3 Rb8 11. a4 e6 12. Bg5 exd5 13. f4 Nc6 14. cxd5 Ne7 15. 0-0 Nh7 16. Bh4 Bf6 17. Bxf6 Nxf6 18. Nd3 c4 19. Nf2 Qb6 20. a5 Qc5 21. Na4 Qxa5 22. Qd4 Neg8 23. Nb6 Qc5 24. Qxc5 dxc5 25. e5 Nd7 26. Nxc4 Ne7 27. Rfd1 Nf5 28. Ne4 0-0 29. Ncd6 Nd4 30. Kf2 Nb6 31. Nxc5 1-0

[Event "Havana Gilberto Garcia Memorial"]
[Site "Havana"]
[Date "2018.??.??"]
[Round "5"]
[White "Barroso Abreu, German"]
[Black "Otero Marino, Vladimir"]
[Result "1/2-1/2"]
[WhiteElo "1904"]
[BlackElo "2195"]
[PlyCount "61"]
[EventDate "2018.03.29"]
[EventType "tourn"]
[EventRounds "9"]
[EventCountry "CUB"]
[SourceTitle "EXT 2021"]
[Source "ChessBase"]
[SourceDate "2020.10.23"]
[SourceVersion "1"]
[SourceVersionDate "2020.10.23"]
[SourceQuality "1"]

1. e4 e5 2. Nc3 Nf6 3. f4 d5 4. fxe5 Nxe4 5. Nf3 Bc5 6. d4 Bb4 7. a3 Bxc3+ 8. bxc3 Nxc3 9. Qd3 Ne4 10. c4 c6 11. Be2 0-0 12. 0-0 f6 13. cxd5 cxd5 14. Be3 f5 15. Rab1 Nc6 16. Nd2 Rb8 17. Nxe4 fxe4 18. Rxf8+ Qxf8 19. Qb3 Be6 20. Bb5 Rc8 21. Rf1 Qe7 22. Be2 a6 23. Rb1 b5 24. a4 Na5 25. Qb2 Nc4 26. Bxc4 bxc4 27. Qb6 c3 28. Bg5 Qe8 29. Qxa6 c2 30. Rc1 Rc4 31. Qb6 1/2-1/2

[Event "Havana Gilberto Garcia Memorial"]
[Site "Havana"]
[Date "2018.??.??"]
[Round "1"]
[White "Otero Marino, Alain"]
[Black "Otero Marino, Vladimir"]
[Result "0-1"]
[WhiteElo "2025"]
[BlackElo "2195"]
[PlyCount "32"]
[EventDate "2018.03.29"]
[EventType "tourn"]
[EventRounds "9"]
[EventCountry "CUB"]
[SourceTitle "EXT 2021"]
[Source "ChessBase"]
[SourceDate "2020.10.23"]
[SourceVersion "1"]
[SourceVersionDate "2020.10.23"]
[SourceQuality "1"]

1. d4 Nf6 2. c4 g6 3. Nc3 d5 4. cxd5 Nxd5 5. e4 Nxc3 6. bxc3 Bg7 7. Nf3 c5 8. Be3 0-0 9. Be2 Nc6 10. 0-0 cxd4 11. cxd4 Bg4 12. Rb1 Bxf3 13. Bxf3 Bxd4 14. Bh6 Bg7 15. Qxd8 Nxd8 16. e5 Bxh6 0-1

[Event "Maria Teresa Mora Memorial Elite"]
[Site "Havana"]
[Date "2018.??.??"]
[Round "5"]
[White "Otero Marino, Vladimir"]
[Black "Pulido Alvarez, Ariel"]
[Result "1/2-1/2"]
[WhiteElo "2204"]
[BlackElo "2298"]
[PlyCount "52"]
[EventDate "2018.03.08"]
[EventType "tourn"]
[EventRounds "9"]
[EventCountry "CUB"]
[EventCategory "1"]
[SourceTitle "EXT 2021"]
[Source "ChessBase"]
[SourceDate "2020.10.23"]
[SourceVersion "1"]
[SourceVersionDate "2020.10.23"]
[SourceQuality "1"]

1. e4 c5 2. c3 d5 3. exd5 Qxd5 4. d4 Nf6 5. Nf3 e6 6. Bd3 Nc6 7. 0-0 cxd4 8. cxd4 Be7 9. Nc3 Qd8 10. a3 0-0 11. Be3 b6 12. Qe2 Bb7 13. Rad1 Rc8 14. Ne5 Qc7 15. Nb5 Qb8 16. Bf4 Qa8 17. Nf3 Nd5 18. Bg5 Qb8 19. Qe4 g6 20. Bh6 Rfd8 21. Qg4 a6 22. Nc3 Nf6 23. Qh4 Nh5 24. Qg4 Nf6 25. Qh4 Nh5 26. Qg4 Nf6 1/2-1/2

[Event "Maria Teresa Mora Memorial Elite"]
[Site "Havana"]
[Date "2018.??.??"]
[Round "9"]
[White "Otero Marino, Vladimir"]
[Black "Rodriguez Rodriguez, Javier"]
[Result "1/2-1/2"]
[WhiteElo "2204"]
[BlackElo "2329"]
[PlyCount "85"]
[EventDate "2018.03.08"]
[EventType "tourn"]
[EventRounds "9"]
[EventCountry "CUB"]
[EventCategory "1"]
[SourceTitle "EXT 2021"]
[Source "ChessBase"]
[SourceDate "2020.10.23"]
[SourceVersion "1"]
[SourceVersionDate "2020.10.23"]
[SourceQuality "1"]

1. e4 e6 2. d4 d5 3. Nd2 Be7 4. c3 c5 5. Ngf3 Nf6 6. Bd3 Nc6 7. 0-0 dxe4 8. Nxe4 cxd4 9. Nxd4 Nxd4 10. cxd4 0-0 11. Bc2 Nxe4 12. Bxe4 f5 13. Bf3 Qd6 14. g3 Bf6 15. Be3 Rd8 16. Qb3 g5 17. Rad1 Kh8 18. d5 e5 19. Bd2 a5 20. Bg2 b6 21. Rc1 Bb7 22. Be3 Ra6 23. Qb5 f4 24. Rc6 Bxc6 25. dxc6 Raa8 26. Bxb6 Rab8 27. Qxa5 Rdc8 28. Bc5 Qe6 29. c7 Rxb2 30. Ba3 Rc2 31. Bd5 Qd7 32. Qa6 Kg7 33. Bd6 R8xc7 34. Bxc7 Qxd5 35. Qd6 Qxd6 36. Bxd6 Rxa2 37. Kg2 Kg6 38. h4 h6 39. hxg5 hxg5 40. gxf4 exf4 41. Bc7 Kf5 42. Rb1 Kg4 43. Rb3 1/2-1/2

[Event "Maria Teresa Mora Memorial Elite"]
[Site "Havana"]
[Date "2018.??.??"]
[Round "6"]
[White "Rodriguez Rodriguez, Daniel"]
[Black "Otero Marino, Vladimir"]
[Result "0-1"]
[WhiteElo "2279"]
[BlackElo "2204"]
[PlyCount "62"]
[EventDate "2018.03.08"]
[EventType "tourn"]
[EventRounds "9"]
[EventCountry "CUB"]
[EventCategory "1"]
[SourceTitle "EXT 2021"]
[Source "ChessBase"]
[SourceDate "2020.10.23"]
[SourceVersion "1"]
[SourceVersionDate "2020.10.23"]
[SourceQuality "1"]

1. e4 e5 2. Nf3 Nc6 3. Bb5 a6 4. Ba4 Nf6 5. 0-0 Be7 6. d3 b5 7. Bb3 d6 8. a4 Bg4 9. c3 0-0 10. Nbd2 Na5 11. Bc2 c5 12. h3 Be6 13. Re1 Nc6 14. Nf1 h6 15. Ng3 Re8 16. d4 cxd4 17. cxd4 exd4 18. Nxd4 Nxd4 19. Qxd4 Rc8 20. Bd3 Bc4 21. axb5 Bxb5 22. Bxb5 axb5 23. Rd1 Bf8 24. b3 Nd7 25. Bb2 Nc5 26. Ra7 Qg5 27. Qb4 Qf4 28. Qxb5 Nxe4 29. Nxe4 Rxe4 30. Qd5 Rc2 31. Bd4 Rd2 0-1

[Event "Maria Teresa Mora Memorial Elite"]
[Site "Havana"]
[Date "2018.??.??"]
[Round "3"]
[White "Yanes Canizares, Alejandro"]
[Black "Otero Marino, Vladimir"]
[Result "1-0"]
[WhiteElo "2279"]
[BlackElo "2204"]
[PlyCount "79"]
[EventDate "2018.03.08"]
[EventType "tourn"]
[EventRounds "9"]
[EventCountry "CUB"]
[EventCategory "1"]
[SourceTitle "EXT 2021"]
[Source "ChessBase"]
[SourceDate "2020.10.23"]
[SourceVersion "1"]
[SourceVersionDate "2020.10.23"]
[SourceQuality "1"]

1. d4 Nf6 2. c4 g6 3. Nc3 d5 4. Bg5 Ne4 5. Bh4 Nxc3 6. bxc3 dxc4 7. e3 Be6 8. Nf3 Bg7 9. Be2 0-0 10. 0-0 c5 11. Rb1 Qc7 12. Ng5 Bd5 13. e4 h6 14. exd5 hxg5 15. Bg3 Qa5 16. Rxb7 cxd4 17. cxd4 Rc8 18. Bg4 Re8 19. Qe2 Qxd5 20. Bf3 Qd8 21. Rfb1 e5 22. Qxc4 Nd7 23. Qd5 Rb8 24. h3 Rf8 25. Rxb8 Nxb8 26. Qxd8 Rxd8 27. dxe5 Na6 28. Rb7 Nc5 29. Rxa7 Nd3 30. Ra8 Rxa8 31. Bxa8 Nxe5 32. a4 f5 33. f3 Nd3 34. Bc7 Bd4+ 35. Kf1 Kf7 36. Bd8 g4 37. fxg4 fxg4 38. hxg4 Ne5 39. g5 Ke6 40. Bf6 1-0

[Event "Barreras Memorial"]
[Site "Las Tunas"]
[Date "2017.04.14"]
[Round "7"]
[White "Del Rosario Silva, Dexnisi"]
[Black "Otero Marino, Vladimir"]
[Result "0-1"]
[WhiteElo "1740"]
[BlackElo "2105"]
[PlyCount "58"]
[EventDate "2017.04.11"]
[EventType "tourn"]
[EventRounds "7"]
[EventCountry "CUB"]
[SourceTitle "EXT 2023"]
[Source "ChessBase"]
[SourceDate "2022.10.05"]
[SourceVersion "1"]
[SourceVersionDate "2022.10.05"]
[SourceQuality "1"]

1. d4 Nf6 2. Bf4 g6 3. Nf3 Bg7 4. e3 0-0 5. Be2 d5 6. Nbd2 c5 7. c3 Nc6 8. 0-0 b6 9. Ne5 Bb7 10. a4 Nd7 11. Nxc6 Bxc6 12. b4 e5 13. dxe5 Nxe5 14. Rc1 Qd7 15. b5 Bb7 16. Nf3 Nxf3+ 17. Bxf3 a6 18. Qe2 c4 19. Qb2 axb5 20. axb5 Ra5 21. Rb1 Rfa8 22. Qb4 Bf8 23. Qb2 Ra2 24. Qc1 Bg7 25. Rb2 R2a3 26. h3 Rxc3 27. Rc2 Rb3 28. Rd1 Qxb5 29. Rcd2 Ra1 0-1

[Event "Bayamo Cespedes Memorial op"]
[Site "Bayamo"]
[Date "2017.03.04"]
[Round "5.12"]
[White "Otero Marino, Vladimir"]
[Black "Gonzalez Rodriguez, Emanuel"]
[Result "1-0"]
[WhiteElo "2105"]
[BlackElo "1908"]
[PlyCount "59"]
[EventDate "2017.03.01"]
[EventType "swiss"]
[EventRounds "9"]
[EventCountry "CUB"]
[SourceTitle "EXT 2023"]
[Source "ChessBase"]
[SourceDate "2022.10.05"]
[SourceVersion "1"]
[SourceVersionDate "2022.10.05"]
[SourceQuality "1"]

1. e4 d5 2. exd5 Nf6 3. c4 c6 4. dxc6 Nxc6 5. Nf3 Bg4 6. Be2 g6 7. 0-0 Qc7 8. d4 Rd8 9. Be3 Bg7 10. Nbd2 0-0 11. h3 Bxf3 12. Nxf3 e5 13. d5 e4 14. Nd4 Nxd4 15. Bxd4 Rfe8 16. Qa4 b6 17. Rfd1 Nd7 18. Bxg7 Kxg7 19. Qa3 Nc5 20. b4 Nd7 21. Rac1 Nf6 22. Qc3 Qf4 23. Qd4 Qe5 24. d6 Nd7 25. c5 Qxd4 26. Rxd4 bxc5 27. bxc5 Rc8 28. c6 Red8 29. c7 Re8 30. Bb5 1-0

[Event "Bayamo Cespedes Memorial op"]
[Site "Bayamo"]
[Date "2017.03.03"]
[Round "3.10"]
[White "Otero Marino, Vladimir"]
[Black "Venzant Batista, Marcia Camila"]
[Result "1-0"]
[WhiteElo "2105"]
[BlackElo "2034"]
[PlyCount "61"]
[EventDate "2017.03.01"]
[EventType "swiss"]
[EventRounds "9"]
[EventCountry "CUB"]
[SourceTitle "EXT 2023"]
[Source "ChessBase"]
[SourceDate "2022.10.05"]
[SourceVersion "1"]
[SourceVersionDate "2022.10.05"]
[SourceQuality "1"]

1. e4 e6 2. d4 d5 3. Nd2 h6 4. Bd3 c5 5. exd5 exd5 6. Ngf3 c4 7. Be2 Bd6 8. 0-0 Ne7 9. b3 cxb3 10. axb3 Nbc6 11. c4 0-0 12. Nb1 Bf5 13. Nc3 Bc7 14. Nb5 Bb8 15. Bb2 a6 16. Nc3 Ba7 17. c5 Re8 18. Nh4 Bb8 19. g3 Bh3 20. Re1 g5 21. Ng2 Nf5 22. Bf3 Rxe1+ 23. Nxe1 Nfxd4 24. Bxd5 Be6 25. Bxe6 Nxe6 26. Nd5 Be5 27. Bxe5 Nxe5 28. Nf3 Nxf3+ 29. Qxf3 Nxc5 30. Rd1 Kf8 31. Qc3 1-0

[Event "Las Tunas Province-ch"]
[Site "Las Tunas"]
[Date "2016.10.14"]
[Round "4"]
[White "Parra Cabrera, Edilmar"]
[Black "Otero Marino, Vladimir"]
[Result "1/2-1/2"]
[WhiteElo "2210"]
[BlackElo "2085"]
[PlyCount "95"]
[EventDate "2016.10.19"]
[EventType "tourn"]
[EventRounds "10"]
[EventCountry "CUB"]
[SourceTitle "EXT 2023"]
[Source "ChessBase"]
[SourceDate "2022.10.05"]
[SourceVersion "1"]
[SourceVersionDate "2022.10.05"]
[SourceQuality "1"]

1. e4 e5 2. Nf3 Nc6 3. Bb5 Nf6 4. 0-0 Nxe4 5. d4 Nd6 6. Bxc6 dxc6 7. dxe5 Nf5 8. Qxd8+ Kxd8 9. Nc3 Ke8 10. b3 a5 11. Bb2 Bb4 12. Ne4 Be6 13. Neg5 Rd8 14. Nxe6 fxe6 15. Ng5 Ke7 16. c3 Bc5 17. Ne4 Ba7 18. Ba3+ Kd7 19. Ng5 Rde8 20. Rad1+ Kc8 21. Rd3 h6 22. Ne4 Rd8 23. Rxd8+ Rxd8 24. g4 Nh4 25. Be7 Nf3+ 26. Kg2 Rd3 27. Bc5 Bxc5 28. Nxc5 Rxc3 29. Nxe6 Nxe5 30. Rd1 b5 31. Rd8+ Kb7 32. Nxg7 Nxg4 33. h3 Nxf2 34. Kxf2 Rxh3 35. Kg2 Rc3 36. Rd2 c5 37. Nf5 h5 38. Ng3 h4 39. Ne2 h3+ 40. Kh2 Re3 41. Ng3 Kb6 42. Kxh3 c4 43. bxc4 b4 44. Kg2 Kc5 45. Kf2 Re7 46. Rd5+ Kxc4 47. Rxa5 c5 48. Kf3 1/2-1/2